| 000 | 00339nam a2200133Ia 4500 | ||
|---|---|---|---|
| 008 | 240624s9999 xx 000 0 und d | ||
| 041 | _aeng | ||
| 082 | _a658.827 UPS | ||
| 100 | _aUPSHAW LYNN B | ||
| 245 | _aBUILDING BRAND IDENTITY A STRATEGY FOR S | ||
| 260 |
_c1995 _aNew York _bJohn Wiley & Sons |
||
| 300 | _a368 : p. | ||
| 365 |
_c _b30 |
||
| 999 |
_c20267 _d20267 |
||